| 000 | 00937cam a22002535i 4500 | ||
|---|---|---|---|
| 999 |
_c3696 _d3696 |
||
| 003 | EG-ScBUE | ||
| 005 | 20210120152239.0 | ||
| 008 | 081012s1981 ua g 000 f ara d | ||
| 017 | _a5458 | ||
| 040 |
_aEG-ScBUE _bara _erda _cEG-ScBUE _dEG-ScBUE |
||
| 082 | 0 | 4 |
_a892.736 _bم ح ف _222 |
| 100 | 1 |
_aمحفوظ، نجيب، _d1911-2006، _eمؤلف. |
|
| 245 | 1 | 0 |
_aقلب الليل / _cنجيب محفوظ، الحائز على جائزة الدولة التقديرية، وجائزة نوبل العالمية للآداب لعام 1988. |
| 250 | _aالطبعة الثالثة. | ||
| 264 | 1 |
_aالقاهرة : _bمكتبة مصر، _c1981. |
|
| 300 |
_a155 صفحة ؛ _c20 سم. |
||
| 336 |
_aنص _btxt _2rdacontent |
||
| 337 |
_aبدون وسيط _bn _2rdamedia |
||
| 338 |
_aمجلد _bnc _2rdacarrier |
||
| 650 | 7 |
_aالقصص العربية. _2BUEsh |
|
| 651 | _2BUEsh | ||
| 653 |
_bARALIT _bGGEN _cJanuary2021 |
||
| 942 |
_cBB _2ddc |
||